000 00272 a2200121 4500
001 125342
020 _a9780439554381
040 _cEscola Canadense de Niteroi
100 _aWilliams, Rozanne Lanczak
245 1 0 _aSight Word Poetry Pages
362 0 _a2005
942 _cBK
999 _c125342
_d125342